000 01965cam a22004934i 4500
003 PE-LiUPU
005 20250731165644.0
008 150616s r 000 0 d
035 _a(Sirsi) a7270
040 _aPE-LiUPU
_bspa
_cPE-LiUPU
_erda
049 _aPRUA
082 0 4 _a001.42
_bN21
_221
100 1 _aNamafkoroosh, Mohammad Naghi,
_eautor.
245 1 0 _aMetodología de la Investigación /
_cMohammad Naghi Namafkoroosh.
264 1 _aMéxico :
_bLimusa,
_c1993.
300 _a531 páginas ;
_c23 cm.
336 _atext
_2rdacontent
337 _aunmediated
_2rdamedia
338 _avolume
_2rdacarrier
504 _aBibliografía: páginas 521-526.
505 0 _aLa información y su importancia para la toma de decisión -- Ciencia y administración -- El proceso de Investigación -- Diseño de la Investigación -- Recopilación de datos, fuentes de datos secundarios -- Elaboración de cuestionario -- Muestreo -- Medición y escalas -- Codificación y preparación de datos -- Análisis de datos -- Prueba de hipótesis -- Análisis multivariado -- Preparación del informe -- Etica profesional Investigación.
526 _aSEG44
526 _aSEG26
526 _aP151
526 _aP150
526 _aP149
526 _aP146
526 _aP145
526 _aP126
526 _aP125
526 _aP92
526 _aP75
526 _aP74
526 _aP27
526 _aP15
650 0 4 _aInvestigación
_xMetodología.
910 _ajck
_bjvq
_cjck
942 _2ddc
_cBOOK
949 _a001.42 N21
_wDEWEY
_c1
_i40712
_lCCODEBUL1
_mBUL
_p00.00
_r0
_sY
_tBOOK
_u19960226
_xBIBLIOTECA
_zUNKNOWN
_0COMPRA
_o.STAFF. Colección General
994 _aC0
_bPEPRU
596 _a1
999 _a001.42 N21
_wDEWEY
_c58495
_i40712
_d58495
_e2016-3-28
_f2021-11-4
_g7
_lCCODEBUL1
_mBUL
_n3
_q3
_r0
_sY
_tBOOK
_u2015-6-16
_xBIBLIOTECA
_zUNKNOWN
_0COMPRA
_o.STAFF. Colección General
980 _81
_gALBERTO SANCHEZ Responsable de Automatización